El Ingenioso Hidalgo Don Quijote de la Mancha (Record no. 2222)

MARC details
000 -CABECERA
campo de control de longitud fija 01568nam a2200301 a 4500
001 - NÚMERO DE CONTROL
campo de control BRCA_2481
005 - FECHA Y HORA DE LA ÚLTIMA TRANSACCIÓN
campo de control 20190320203830.0
008 - DATOS DE LONGITUD FIJA--INFORMACIÓN GENERAL
campo de control de longitud fija 211108s1840-------#---###---#000-0dspa-u
041 ## - CÓDIGO DE LENGUA
Código de lengua del texto/banda sonora o título independiente spa
044 ## - CÓDIGO DEL PAÍS DE LA ENTIDAD EDITORA/PRODUCTORA
Código MARC del país sp
084 ## - OTRO NÚMERO DE CLASIFICACIÓN
Número de clasificación 122
Número de documento/Ítem .B39
-- 1840
100 1# - ENTRADA PRINCIPAL--NOMBRE DE PERSONA
Nombre de persona Cervantes Saavedra, Miguel de
Fechas asociadas al nombre 1547-1616
9 (RLIN) 213
245 10 - MENCIÓN DE TÍTULO
Título El Ingenioso Hidalgo Don Quijote de la Mancha
Resto del título con la vida de Cervantes
Mención de responsabilidad, etc. compuesto por Miguel de Cervantes Saavedra.
260 ## - PUBLICACIÓN, DISTRIBUCIÓN, ETC.
Lugar de publicación, distribución, etc. París
Nombre del editor, distribuidor, etc. Baudry
Fecha de publicación, distribución, etc. 1840
300 ## - DESCRIPCIÓN FÍSICA
Extensión 679 p.
Dimensiones 23 cm.
Material acompañante/anejo 1 carta facsímil de Cervantes
500 ## - NOTA GENERAL
Nota general Contenido : Primera parte. retrato de Cervantes. Advertencia del editor. Vida de Cervantes por M. F. de Navarrete. Dedicatoria del autor. Prólogo del autor. Versos preliminares. Texto. Segunda parte. Dedicatoria del autor. Prólogo del autor. Texto
500 ## - NOTA GENERAL
Nota general Edición bien impresa. Sigue el texto de la cuarta edición académica (1819). El retrato de Cervantes está grabado por Geoffroy. Contiene la excelente biografía de Cervantes compilada por M. Fernández de Navarrete Lúdovik Osterc
500 ## - NOTA GENERAL
Nota general Estado físico : La portada está rota en la parte superior
500 ## - NOTA GENERAL
Nota general QM103
650 14 - PUNTO DE ACCESO ADICIONAL DE MATERIA--TÉRMINO DE MATERIA
Término de materia o nombre geográfico como elemento de entrada Novela española
Subdivisión cronológica Época clásica, 1500-1700
9 (RLIN) 215
650 14 - PUNTO DE ACCESO ADICIONAL DE MATERIA--TÉRMINO DE MATERIA
Término de materia o nombre geográfico como elemento de entrada Literatura española
Subdivisión cronológica Épooca clásica, 1500-1700
9 (RLIN) 216
650 14 - PUNTO DE ACCESO ADICIONAL DE MATERIA--TÉRMINO DE MATERIA
Término de materia o nombre geográfico como elemento de entrada Novela española
Subdivisión cronológica Siglo XVII
9 (RLIN) 217
650 14 - PUNTO DE ACCESO ADICIONAL DE MATERIA--TÉRMINO DE MATERIA
Término de materia o nombre geográfico como elemento de entrada Don Quijote (Personaje ficticio)
Término indicativo de función/relación Novela
9 (RLIN) 218
700 1# - PUNTO DE ACCESO ADICIONAL--NOMBRE DE PERSONA
Nombre de persona Fernández de Navarrete, Martín
Fechas asociadas al nombre 1765-1844
Término indicativo de función/relación Biógrafo
9 (RLIN) 7176
740 0# - PUNTO DE ACCESO ADICIONAL--TÍTULO RELACIONADO O ANALÍTICO NO CONTROLADO
Título relacionado o analítico no controlado El Ingenioso Hidalgo Don Quijote de la Mancha
902 ## - CATALOGADOR
Iniciales QFM
942 ## - ELEMENTOS DE PUNTO DE ACCESO ADICIONAL (KOHA)
Fuente del sistema de clasificación o colocación Library of Congress Classification
Tipo de ítem Koha Libros
Holdings
Estado de retiro Estado de pérdida Estado dañado No para préstamo Localización permanente Ubicación/localización actual Fecha de adquisición Número de inventario Total de préstamos Signatura topográfica completa Código de barras Fecha visto por última vez Precio válido a partir de Tipo de ítem Koha
El ejemplar forma parte de la colección y puede ser consultado según las políticas vigentes.       Biblioteca del Museo Franz Mayer (Rogerio Casas-Alatriste) Biblioteca del Museo Franz Mayer (Rogerio Casas-Alatriste) 21/11/2008 QM103   122 .B39 1840 (QM103) 2478 22/03/2019 22/03/2019 Libros